Pestovanie pileí v byte

Bibliographic Details
Main Author: Tokárová, Ľ. (Author)
Format: Article
Language:Slovak
PhysicalDescription:Obr. 1.
Subjects:

MARC

LEADER 00000nab a2200000 a 4500
001 vtls000356778
003 SK-MaSNL
005 20260303123335.0
008 111201c1989 xo 0 slo
015 |a SNBRB19rr/mm-uuuuu 
035 |a CL0356900 
040 |a SNKBUCL  |b slo  |c SNKBUCL  |e AACR2 
041 0 |a slo 
044 |a xo  |c SK 
080 |a 635.91  |2 1981 
100 1 |a Tokárová, Ľ.  |4 aut  |9 786565 
245 1 0 |a Pestovanie pileí v byte  |c Ľ. Tokárová 
300 |b Obr. 1. 
650 0 7 |a izbové rastliny  |2 snkbucl  |9 1079 
650 0 7 |a Pilea  |2 snkbucl  |9 1139039 
655 7 |a články z novín a časopisov  |2 snkbucl  |9 267496 
773 0 |t Záhradkár  |g Roč. 25, č. 6 (1989), s. 140 
850 |a Slovenská národná knižnica v Martine  |a MTA001 
852 |a SNK  |b KIS3GCP 
958 |a RK 
992 |a RBX 
999 |c 1925387  |d 1927317